Psychiatric rehabilitation of chronic mental patients/ (Record no. 236)

MARC details
000 -LEADER
fixed length control field 00621nam a2200205 a 4500
005 - DATE AND TIME OF LATEST TRANSACTION
control field 20260322212011.0
008 - FIXED-LENGTH DATA ELEMENTS--GENERAL INFORMATION
fixed length control field data
010 ## - LIBRARY OF CONGRESS CONTROL NUMBER
LC control number 87-1492
020 ## - INTERNATIONAL STANDARD BOOK NUMBER
International Standard Book Number 088048201x
020 ## - INTERNATIONAL STANDARD BOOK NUMBER
International Standard Book Number 978-0-8804-8201-1
096 ## - LOCALLY ASSIGNED NLM-TYPE CALL NUMBER (OCLC)
Classification number WM 29.1 P974 1988
001 - CONTROL NUMBER
control field data
100 1# - MAIN ENTRY--PERSONAL NAME
Personal name Liberman, Robert P.
245 10 - TITLE STATEMENT
Title Psychiatric rehabilitation of chronic mental patients/
Statement of responsibility, etc. Robert P. Liberman.
260 ## - PUBLICATION, DISTRIBUTION, ETC.
Place of publication, distribution, etc. Washington, D. C.
Name of publisher, distributor, etc. American Psychiatric Press
Date of publication, distribution, etc. c1988
300 ## - PHYSICAL DESCRIPTION
Extent xxii, 319 pages, ;
Dimensions illus.
500 ## - GENERAL NOTE
General note Includes bibliography and index.
650 02 - SUBJECT ADDED ENTRY--TOPICAL TERM
Topical term or geographic name entry element Chronic Disease
General subdivision rehabilitation
650 02 - SUBJECT ADDED ENTRY--TOPICAL TERM
Topical term or geographic name entry element Mental Disorders
General subdivision rehabilitation
Holdings
Withdrawn status Lost status Damaged status Not for loan Home library Current library Shelving location Date acquired Total checkouts Full call number Barcode Date last seen Price effective from Koha item type
        Riverside Riverside General stacks 22/03/2026   GEN BC0010244 22/03/2026 22/03/2026 Books